000 00318cam a22001097a 4500
008 180718b1993 xxu||||| |||| 00| 0 eng d
082 _aQ31 R18
245 _aPoverty and underdevelopment among the fisherman of east coast
_cBy M. Rama Mohan Rao
260 _aVisakhapatnam
_b
_c1993
300 _a400p.
650 _aPoverty
999 _c502472
_d502472